000 00504nam a2200181Ia 4500
008 090124s9999 xx 000 0 und d
082 _b132671
100 _aकाकोडकर चंद्रकांत.
245 _a संशय
250 _a2
260 _c2004
300 _a138
600 _aकाकोडकर चंद्रकांत.
630 _a संशय
700 _aकाकोडकर चंद्रकांत.
730 _a संशय
942 _cBOOK
999 _c178795
_d178795